Экологические проблемы бассейна р. Томь; Фундаментальные и прикладные проблемы охраны окружающей среды; Т. 3: Физико-химические методы контроля объектов окружающей среды. Химико-технологические проблемы охраны окружающей среды. Технологические проблемы охраны окружающей среды

Бібліографічні деталі
Parent link:Фундаментальные и прикладные проблемы охраны окружающей среды: тезисы докладов Международной конференции, 12-16 сентября 1995 г., Томск/ Томский государственный университет (ТГУ) ; Томская область, Администрация.— , 1995
Т. 3: Физико-химические методы контроля объектов окружающей среды. Химико-технологические проблемы охраны окружающей среды. Технологические проблемы охраны окружающей среды.— 1995.— С. 129
Інші автори: Адам А. М., Андраханова О. П., Казмин Ю. Ф., Некипелый В. Л., Некипелая А. С., Рихванов Л. П. Леонид Петрович
Мова:Російська
Опубліковано: 1995
Предмети:
Формат: MixedMaterials Частина з книги
KOHA link:https://koha.lib.tpu.ru/cgi-bin/koha/opac-detail.pl?biblionumber=202631

MARC

LEADER 00000naa2a2200000 4500
001 202631
005 20231031185418.0
035 |a (RuTPU)RU\TPU\book\220817 
035 |a RU\TPU\book\196688 
090 |a 202631 
100 |a 20111017d1995 k y0rusy50 ca 
101 0 |a rus 
102 |a RU 
200 1 |a Экологические проблемы бассейна р. Томь  |f А. М. Адам [и др.] 
461 1 |0 (RuTPU)RU\TPU\book\196703  |t Фундаментальные и прикладные проблемы охраны окружающей среды  |o тезисы докладов Международной конференции, 12-16 сентября 1995 г., Томск  |o в 5 т.  |f Томский государственный университет (ТГУ) ; Томская область, Администрация  |d 1995 
463 1 |0 (RuTPU)RU\TPU\book\380  |t Т. 3: Физико-химические методы контроля объектов окружающей среды. Химико-технологические проблемы охраны окружающей среды. Технологические проблемы охраны окружающей среды  |v С. 129  |d 1995  |p 420 с. 
610 1 |a труды учёных ТПУ 
701 1 |a Адам  |b А. М. 
701 1 |a Андраханова  |b О. П. 
701 1 |a Казмин  |b Ю. Ф. 
701 1 |a Некипелый  |b В. Л. 
701 1 |a Некипелая  |b А. С. 
701 1 |a Рихванов  |b Л. П.  |c российский ученый, геолог  |c профессор Томского политехнического университета, доктор геолого-минералогических наук  |c заслуженный геолог РФ  |c почетный работник высшего образования РФ  |f 1945-  |g Леонид Петрович  |2 stltpush  |3 (RuTPU)RU\TPU\pers\23187 
801 1 |a RU  |b 63413507  |c 20100607 
801 2 |a RU  |b 63413507  |c 20111226  |g RCR 
942 |c BK